Every Song by Knuckle Puck - Statistics

General Stats
  • This quiz has been taken 4 times
    3 since last reset
  • The average score is 14 of 68
Answer Stats
Album Song % Correct
20/20(2020) 20/20
100%
Losing What We Love(2023) Losing What We Love
100%
The Weight That You Buried(2013) No Good
100%
While I Stay Secluded(2014) But Why Would You Care?
50%
Calender Days / Indecisive(2017) Calender Days
50%
Shapeshifter(2017) Conduit
50%
Copacetic(2015) Disdain
50%
Shapeshifter(2017) Double Helix
50%
Copacetic(2015) Evergreen
50%
Neck Deep / Knuckle Puck(2014) Fences
50%
Shapeshifter(2017) Gone
50%
Losing What We Love(2023) Groundhog Day
50%
Oak Street(2014) Home Alone
50%
Calender Days / Indecisive(2017) Indecisive
50%
While I Stay Secluded(2014) In My Room
50%
Copacetic(2015) In Your Crosshairs
50%
While I Stay Secluded(2014) Oak Street
50%
Copacetic(2015) Poison Pen Letter
50%
Shifted(2018) Shifted
50%
The Weight That You Buried(2013) Stateside
50%
Losing What We Love(2023) The Tower
50%
While I Stay Secluded(2014) Transparency
50%
Copacetic(2015) Untitled
50%
Losing What We Love(2023) You & I
50%
Losing What We Love(2023) Act Accordingly
0%
While I Stay Secluded(2014) Alexander Pl.
0%
Losing What We Love(2023) A New Beginning
0%
While I Stay Secluded(2014) Bedford Falls
0%
Losing What We Love(2023) Better Late
0%
20/20(2020) Breathe
0%
Knuckle Puck(2011) Dead Wrong
0%
Non-Album(2022) Disposable Life
0%
20/20(2020) Earthquake
0%
Shapeshifter(2017) Everyone Lies to Me
0%
The Weight That You Buried(2013) Everything Must Go
0%
Losing What We Love(2023) Fool
0%
Non-Album(2022) Gasoline
0%
Don't Come Home(2012) Give Up
0%
Neck Deep / Knuckle Puck(2014) Gold Rush
0%
20/20(2020) Green Eyes (Polarized)
0%
20/20(2020) Into the Blue
0%
Non-Album(2021) Levitate
0%
20/20(2020) Miles Away
0%
Shapeshifter(2017) Nervous Passenger
0%
Losing What We Love(2023) October
0%
Losing What We Love(2023) Out of Tourch
0%
Shapeshifter(2017) Plastic Brains
0%
Copacetic(2015) Ponder
0%
Copacetic(2015) Pretense
0%
20/20(2020) RSVP
0%
20/20(2020) Sidechain
0%
Copacetic(2015) Stationary
0%
Knuckle Puck(2011) Stuck
0%
Shapeshifter(2017) Stuck in Our Ways
0%
Copacetic(2015) Swing
0%
Don't Come Home(2012) Townsend
0%
Copacetic(2015) True Contrite
0%
20/20(2020) True North
0%
20/20(2020) Tune You Out
0%
Shapeshifter(2017) Twist
0%
Shapeshifter(2017) Wait
0%
Copacetic(2015) Wall to Wall (Depreciation)
0%
Shapeshifter(2017) Want Me Around
0%
Knuckle Puck(2011) Watterson
0%
20/20(2020) What Took You So Long?
0%
Knuckle Puck(2011) Woodwork
0%
Losing What We Love(2023) Worlds Apart
0%
The Weight That You Buried(2013) Your Back Porch
0%
No matching quizzes found
Score Distribution
Percent of People with Each Score
Percentile by Number Answered
Your Score History
You have not taken this quiz since the last reset